| 000 | 01411nam a2200361Ia 4500 | ||
|---|---|---|---|
| 001 | ebr10276718 | ||
| 003 | CaPaEBR | ||
| 006 | m u | ||
| 007 | cr cn||||||||| | ||
| 008 | 081125s2009 dcu sb 000 0 eng d | ||
| 010 | _z 2008049877 | ||
| 020 | _z9780821378281 | ||
| 020 | _z0821378287 | ||
| 020 | _z9780821378342 | ||
| 020 | _z0821378341 | ||
| 040 |
_aCaPaEBR _cCaPaEBR |
||
| 035 | _a(OCoLC)560616986 | ||
| 050 | 1 | 4 |
_aHN981.M3 _bL63 2009eb |
| 100 | 1 | _aLocksley, Gareth. | |
| 245 | 1 | 4 |
_aThe media and development _h[electronic resource] : _bwhat's the story? / _cGareth Locksley. |
| 260 |
_aWashington, D.C. : _bWorld Bank, _cc2009. |
||
| 300 | _avii, 29 p. | ||
| 490 | 1 |
_aWorld Bank working paper ; _vno. 158 |
|
| 504 | _aIncludes bibliographical references (p. 27-29). | ||
| 533 |
_aElectronic reproduction. _bPalo Alto, Calif. : _cebrary, _d2011. _nAvailable via World Wide Web. _nAccess may be limited to ebrary affiliated libraries. |
||
| 650 | 0 |
_aMass media _xSocial aspects _zDeveloping countries. |
|
| 650 | 0 |
_aMass media _xEconomic aspects _zDeveloping countries. |
|
| 650 | 0 |
_aBusiness incubators _zDeveloping countries. |
|
| 655 | 7 |
_aElectronic books. _2local |
|
| 710 | 2 | _aebrary, Inc. | |
| 830 | 0 |
_aWorld Bank working paper ; _vno. 158. |
|
| 856 | 4 | 0 |
_uhttp://site.ebrary.com/lib/rucke/Doc?id=10276718 _zAn electronic book accessible through the World Wide Web; click to view |
| 999 |
_c5534 _d5534 |
||